000
00273nam a22001097a 4500
003
OSt
008
250207b |||||||| |||| 00| 0 eng d
041
_a
eng
100
_a
Chakravarty, A
_9
7103
245
_a
Post Harvest Technology of Cereals, Pulses and Oil Seeds
942
_c
BK
999
_c
19334
_d
19334